Innovation of the english classes at Centro Escolar Salvador Martínez Figueroa (Registro nro. 26492)

Detalles MARC
000 -CABECERA
Longitud fija campo de control 01126nam a22002297a 4500
003 - IDENTIFICADOR DELl NÚMERO DE CONTROL
Identificador del número de control OSt
005 - FECHA Y HORA DE LA ÚLTIMA TRANSACCIÓN
Fecha y hora de la última transacción 20161115105757.0
008 - CÓDIGOS DE INFORMACIÓN DE LONGITUD FIJA
Códigos de información de longitud fija 140214b2016 slv spa
040 ## - FUENTE DE LA CATALOGACIÓN
Centro transcriptor BMC
082 ## - NÚMERO DE LA CLASIFICACIÓN DECIMAL DEWEY
Númeroo de clasificación 425.07
100 1# - PUNTO DE ACCESO PRINCIPAL-NOMBRE DE PERSONA
9 (RLIN) 40422
Nombre de persona González Ortega, Ileana Beatriz
245 10 - MENCIÓN DE TÍTULO
Título Innovation of the english classes at Centro Escolar Salvador Martínez Figueroa
Resto del título : Informe final
Mención de responsabilidad, etc. Ileana Beatriz González Ortega, Evelyn Melissa Aguilar Meléndez, Rocio Masiel Cevallos Cortes,
260 ## - PUBLICACIÓN, DISTRIBUCIÓN, ETC. (PIE DE IMPRENTA)
Lugar de publicación, distribución, etc. Santa Ana (El Salvador)
Nombre del editor, distribuidor, etc. Universidad Católica de El Salvador
Fecha de publicación, distribución, etc. [2016?]
300 ## - DESCRIPCIÓN FÍSICA
Extensión 53 h.
Otras características físicas il. col
Dimensiones 27 cm
Material anejo + 1 disco compacto
500 ## - NOTA GENERAL
Nota general Precede al tít.: Universidad Católica de El Salvador, Facultad de Ciencias y Humanidades
502 ## - NOTA DE TESIS
Nota de tesis To obtain the degree of: Licenciatura en Ciencias de la Educación con Especialidad en Idioma Inglés
650 24 - PUNTO DE ACCESO ADICIONAL DE MATERIA - TÉRMINO DE MATERIA
9 (RLIN) 17614
Término de materia o nombre geográfico como elemento inicial Lengua inglesa
Subdivisión de materia general Gramática
-- Enseñanza
700 1# - PUNTO DE ACCESO ADICIONAL - NOMBRE DE PERSONA
9 (RLIN) 40423
Nombre de persona Aguilar Meléndez, Evelyn Melissa
700 1# - PUNTO DE ACCESO ADICIONAL - NOMBRE DE PERSONA
9 (RLIN) 40424
Nombre de persona Cevallos Cortes, Rocio Masiel
710 2# - PUNTO DE ACCESO ADICIONAL - NOMBRE DE ENTIDAD
9 (RLIN) 1075
Nombre de entidad o nombre de jurisdicción como elemento inicial Universidad Católica de El Salvador
Unidad subordinada Facultad de Ciencias y Humanidades
942 ## - ENTRADA DE ELEMENTOS AGREGADOS (KOHA)
Fuente de clasificaión o esquema Dewey Decimal Classification
Koha [por defecto] tipo de item 4- Trabajo de Graduación
Existencias
Suprimido Perdido Fuente de clasificación o esquema Estropeado Restricciones de uso No para préstamo Código de colección Localización permanente Localización actual Localización en estanter&íacute;as Fecha adquisición Fuente de adquisición Número de inventario Préstamos totales Signatura completa Código de barras Fecha última consulta Fecha último préstamo Fecha del precio de reemplazo Tipo de item de Koha
NULL NULL Dewey Decimal Classification NULL Prestable NULL NULL Biblioteca Miguel de Cervantes - UNICAES Biblioteca Miguel de Cervantes - UNICAES Sala Principal 25/10/2016 Donación - Ileana Beatriz González Ortega, Rocio Masiel Cevallos Cortes, Evelyn Melissa Aguilar Meléndez 002442 2 P-002442 1039483 03/11/2017 01/11/2017 09/11/2016 4- Trabajo de Graduación